| 000 | 00537cam a22001697a 4500 | ||
|---|---|---|---|
| 008 | 180718b1996 xxu||||| |||| 00| 0 eng d | ||
| 082 | _aO91x54 K113 | ||
| 100 | _aKabra, Kmal Nayan | ||
| 245 |
_aDevelopment and ecological role of neem in India _cby Kamal Nayan Kabra and Vrajaindra Upadhyay |
||
| 260 |
_aDelhi _bIndian Institute of Public Administration _c1996 |
||
| 300 | _a49p. | ||
| 650 | _aEconomic development - India | ||
| 650 | _aEnvironment | ||
| 650 | _aEcology | ||
| 650 | _aNeem - India | ||
| 700 | _aUpadhyay, Vrajaindra | ||
| 999 |
_c482034 _d482034 |
||